जापान एवं स्विटज़रलैण्ड का संविधान / (Record no. 34379)

MARC details
000 -LEADER
fixed length control field 01187nam a22002417a 4500
005 - DATE AND TIME OF LATEST TRANSACTION
control field 20100304104526.0
008 - FIXED-LENGTH DATA ELEMENTS--GENERAL INFORMATION
fixed length control field 100304t xxu||||| |||| 00| 0 hin d
010 ## - LCCN (DPL NO)
LC control number HIN-89012
020 ## - INTERNATIONAL STANDARD BOOK NUMBER
Terms of availability 300.00
International Standard Book Number 8188093556
035 ## - SYSTEM CONTROL NUMBER
System control number HN-61358
037 ## - SOURCE OF ACQUISITION
Source of stock number/acquisition DBAD / PUB
040 ## - CATALOGING SOURCE
Original cataloging agency DPL
Language of cataloging HN
082 ## - DEWEY DECIMAL CLASSIFICATION NUMBER
Classification number 342.0209520494
100 ## - MAIN ENTRY--PERSONAL NAME
Personal name नारायण, इकबाल
9 (RLIN) 14750
245 ## - TITLE STATEMENT
Title जापान एवं स्विटज़रलैण्ड का संविधान /
Statement of responsibility, etc इकबाल नारायण; अनुपमा सक्सेना द्वारा संशोधित एवं संपादित
246 ## - VARYING FORM OF TITLE
Title proper/short title Japan evam siwtjarland ka sawidhan/
Remainder of title by Iqbal Narayan;
260 ## - PUBLICATION, DISTRIBUTION, ETC. (IMPRINT)
Place of publication, distribution, etc जयपुर
Name of publisher, distributor, etc ग्रन्थ विकास
Date of publication, distribution, etc 2010
270 ## - ADDRESS
Address सी-37, राजापार्क
City जयपुर
300 ## - PHYSICAL DESCRIPTION
Extent 189पृ
Dimensions 22सेमी (सजिल्द)
700 ## - ADDED ENTRY--PERSONAL NAME
Personal name सक्सेना, अनुपमा
9 (RLIN) 14751
942 ## - ADDED ENTRY ELEMENTS (KOHA)
Source of classification or shelving scheme Dewey Decimal Classification
Item type Hindi Books
Call number suffix नाराय
Holdings
Withdrawn status Lost status Source of classification or shelving scheme Damaged status Not for loan Collection code Home library Current library Date acquired Source of acquisition Cost, normal purchase price Total Checkouts Full call number Barcode Date last seen Copy number Cost, replacement price Koha item type
    Dewey Decimal Classification   Not For Loan Non-fiction D.B.Act.Division D.B.Act.Division 04/03/2010 DBAD / PUB 300.00   नाराय HN-61358 04/03/2010 1 300.00 Hindi Books

© Delhi Public Library
Hit Counter
free hit counter